Statistics for Never Enough - Loren Allred - All Lyrics

Click here to take the quiz!

General Stats

  • This quiz has been taken 76 times
  • The average score is 170 of 184

Answer Stats

Answer% Correct
a
100%
enough
100%
enough,
100%
never,
100%
Never,
100%
never
100%
Never
100%
the
97%
be
95%
me
95%
me?
95%
me,
95%
my
95%
to
95%
All
94%
For
94%
for
94%
hold
94%
it
94%
of
92%
we
92%
Can
91%
hand
91%
I'm
91%
stars
91%
too
91%
you
91%
You
91%
breath
89%
gold
89%
it’ll
89%
little
89%
night
89%
sky
89%
spotlights
89%
Will
89%
will
89%
but
88%
could
88%
from
88%
hands
88%
still
88%
Take
88%
this
88%
thousand
88%
trying
88%
with
88%
world
88%
are
86%
stay
86%
These
86%
moment
85%
steal
85%
way
85%
let
83%
Let
83%
shine
83%
without
83%
hear
82%
Towers
82%
Can’t
80%
'Cause,
80%
darling,
80%
dream
80%
end
80%
in
80%
echoing?
79%
getting
79%
share
79%
louder
77%
now
77%
off
77%
set
77%

Score Distribution

Percentile by Number Answered

Percent of People with Each Score

Your Score History

You have not taken this quiz